| 000 | 00678nam a22001937a 4500 | ||
|---|---|---|---|
| 003 | NUST-PNEC | ||
| 005 | 20170116180743.0 | ||
| 008 | 150106b xxu||||| |||| 00| 0 eng d | ||
| 020 | _a978-1151009807 | ||
| 040 | _cPNEC | ||
| 082 | _a158.4 SAN | ||
| 100 |
_91184 _aSanborn, Mark |
||
| 245 |
_aYou don't need a title to be a leader : how anyone, anywhere, can make a positive difference _cMark Sanborn |
||
| 260 |
_aNew York : _bCurrency Doubleday, _cc2006. |
||
| 300 |
_a102 p.: _c20 cm. |
||
| 650 | _xGeneral | ||
| 856 | _uhttp://www.amazon.com/You-Dont-Need-Title-Leader/dp/0385517475/ref=sr_1_1?s=books&ie=UTF8&qid=1420540098&sr=1-1&keywords=0385517475 | ||
| 942 |
_2ddc _cBK |
||
| 999 |
_c62263 _d62263 |
||